Personnages bibliques de A à Z - Statistiques

Statistiques générales
  • Ce quiz a été pris 139 fois
  • Le résultat moyen est 12 sur 25
Statistiques - réponses
Réponse % Correct
J Jabal|Jabin|Jacob|Jacques |Jacques |Jaïr|Japhet|Jason|Jason|Jasub|Jean|Jean le Baptiste|Jeanne| Jéhu|Jeconiah|Jemima|Jérahméel|Jérémie|Jéroboam| Jéroboam Ier|Jéroboam II|Jessé|Jésus|Jethro|
Jézabel|Joab|Joachaz|Joachim|Joachin|Joad| Joas|Joatham|Job|Joël|Joiaqim|Jonadab|Jonas| Jonathan|Joram|Josaphat|Joseph|Josias|Josué| Jotham |Jubal|Juda|Judas |Jude|Judith|Justus
96%
A Aaron|¬Abaddon|Abagtha|Abda|Abdi|Abdias|Abdeel|Abdiel|Abdon|
Abdi¬|Abed-nego|Abel|Abi|Abi-Albon|Abia| Abiasaph|Abiathar|Abichaïl| Abida|Abidan|Abiel|Abiézer|Abigaïl|Abigaïl|Abigal| Abihu|Abihud|Abija|Abijam| Abimaël|Abimelec-Abinadab|Abinoam|Abiram| Abisag|Abischaï|Abischua|Abischur|Abithub|Abithal| Abiud|Abner|Abraham|Absalom|Acan|Achab|Achaïcus| Achaz|Achija|Achimélech|Achinoam|Achitophel| Adad-Idri|Adam|Adonias|Agabus|Agag|Agar|Aggée| Agrippa|Agrippa I|Agrippa II|Akân-|Akhsa|Alcime| Alexandre|Alphée-|Amalek|Amasias|Ammihoud| Amminadab|Amon|Amnon|Amos|Amraphel|Amram|Anân| Ananias|Ananie|André|Andronique|Anges|Anne|Aphiach| Apollos|Aquila|Archippe|Ard|Aréli|Arétas IV|Arioch| Arodi|Arpakshad|Aristobule|Artémas|Asa|Aser|Ashbel| Ashhour|Ashkenaz|Ashshur|Asmodée|Asrïel| Assourbanipal|Assurbanipal|Asnappar¬|Asnath| Athalie|Azarias-|Azaze
92%
M Maacah|Machir|Madaï|Madian|Magog |Mahalalel|Mahli|Malachie|Manassé|Manoach| Marc|Mardochée|Marie|Matriarches|Marie | Marthe|Mathusalem|Matthias|Matthieu| Méhujaël|Melchiel|Melchisédech| Ménahem|Mephibosheth|Merari|Meshach|Mèshek| Méthusaël|Michée|Michel|Mikal|Misaël|Misraïm| Moab|Mouppim|Moushi|Myriam|Moïse
92%
P Pallou|Parménas|Patriarches|Paul|Péleg|Peqah|Peqahya|Pharisiens|Philémon|Philippe|Phœbé |
Photine |Phua|Pierre|Ponce Pilate|Postagioparque| Potiphar|Poua|Pout|Prochore|Priscille|Procula
81%
E Éber|Éhi|Éla|Éléazar|Éliab|Éliézer |Éli|Élie|Élihu|Éliphaz |Élisabeth|Élisée|Élishama|Elnathan| Élôn|Énoch|Énosch |Énosh|Épaphras| Épaphrodite|Éphraïm|Er|Érân|Éri|Ésaïe | Ésaü|Esdras|Esther|Étienne|Etsbôn|Eutyche|Ève|Évode|
Ézéchias|Ézéchiel
79%
S Sadducéens|Sadoq|Salmôn|Salomé |Salomon|Samuel|Samson|Sanballat|Sanhédrin|
Sarah|Saül|Seba|Sédécias|Ségub|Septante | Sem|Semron|Séphora|Serah|Séred|Seroug|Seth| Shadrach|Shallum,|Shaoul|Shèkem|Shelah |Shemida| Shillem|Shiméi|Shipra|Shouni|Shouthélah|Sidoine | Silas|Siméon|Simon |Sophonie|Sosipater| Stachys|Suzanne|Syméon
76%
N Naaman|Naamân|Naboth|Nadab|Nahama|Nahash|Nahor|Nahshon|Nahum|Naomi| Nabuchodonosor|Nathan|
Nathan|Nathanaël|Néhémie|Nephilim| Nephtali|Nicanor|Nicodème|Nicolas|Nimrod| Noadia|Noé|Noéman|Noun
73%
D Dalila|Damaris|Dan|Daniel|Dathan|David|Débora|Denys|Dinah|Dorcas|Drusilla
66%
L Laban|Ladân,|Lazare |Lamech|Léa|Lévi|Léviathan|Libni|Lin|Longin |Loth|Luc|Lucifer|Lydie|Lysanias
66%
I Ibtsan|Irad|Isaac|Isaïe |Ish-boshet|Israël|Ismaël|Issachar|Ithamar
64%
B Baal|Baasa|Barabbas|Barac|Barjésu|Barnabé|Barthélemy| Bartimée|Bat Choua|Becorath|Béker|Béla|Belzébuth| Benaja|Ben-Hadad|Ben-Hadad Ier|Ben-Hadad II| Ben-Hadad III|Benjamin|Bérénice|Beria|Béséléel|Bethsabée| Betouel|Bildad le Shuhite|Bilha|Bithiah|Boaz|Booz
57%
G Gad|Galaad|Gamaliel|Gabriel |Gédéon|Gershom|Gog|Goliath|Gomère, fils de Japhet|Gouni|Guéra|Guershôn
56%
C Caïn|Caïphe|Caleb|Canaan|Candace|Cham|Chérubin|Chusaï|Claudia|Cléophas|Clopas|Coré|Corneille|Crescent
51%
T Tabitha|Tahân|Tahân|Tamar|Télah|Terah|Tertius|Thaddée|Thaddée|Tharbis|Thola|Thomas | Tibère|Tibni|Timon|Timothée|Tiras|Tite|Tobie| Togarma|Trophime|Tselophehad|Tseror|Tsidone|
Tsiphiôn|Tsohar|Tubal|Tubal-Caïn|Tychique
50%
Z Zabulon|Zacharie |Zachée|Zébédée|Zérah|Zeresh|Zilpa|Zimri
44%
R Rachel|Rahab|Ram|Rama|Raphael|Rebecca|Réou|Riphath|Roboam|Rosh|Ruben|Ruth
43%
H Habacuc|Haggui|Haman|Hammoléheth|Hamul|Hanok|Haran|Hazaël|Héber|Hébrôn|Héleq|Hénoch|Hénoch
|Hépher|Héred|Hérode|Hérodiade|Hérodiens|Hérodion| Hesron|Het|Hetsrôn|Hira|Hiram|Holopherne| Houldah|Houppim|Houshim|Hur|Hanania
35%
O Obed|Ochozias|Ochozias|Ohad|Ohola|Oholiba|Olympas|Omri|Onan|Onésime|Onésiphore|Osée|
Osnappar|Othoniel|Ouzziël|Ozias
17%
X Xerxès Ier|xerxès
13%
Y Yaël|Yahléel|Yahtséel|Yakîn|Yamîn|Yared|Yahweh|Yavane|Yemouël|Yétser|Yimna|
Yishva|Yishvi|Yitsehar|Yokébed|Yoktan
10%
U Uriel|Urie
7%
F Felix|Fils prodigue|Fortunatus
6%
K Karmi|Kénan|Ketourah|Ketsia|Kéren |Kezia|Koush
6%
V Vashti
1%
Q Qehath|Quetoura|Quadratus|Quartus|Quirinius|Quish
0%
Aucun quiz correspondant
Distribution des résultats
% des personnes avec chaque résultat
Percentile par nombre de réponses
Votre historique - résultats
Vous n’avez pas pris ce quiz